<?xml version="1.0" encoding="UTF-8"?>
<collection xmlns="http://www.loc.gov/MARC21/slim">
 <record>
  <leader>00547pamaa2200169   4500</leader>
  <controlfield tag="001">0000034792</controlfield>
  <controlfield tag="005">20051124090000.0</controlfield>
  <datafield tag="020" ind1="0" ind2="0">
   <subfield code="a">9679783456 </subfield>
  </datafield>
  <datafield tag="082" ind1=" " ind2=" ">
   <subfield code="a">305.8009595 OOY</subfield>
  </datafield>
  <datafield tag="090" ind1="0" ind2="0">
   <subfield code="b">DS597.2</subfield>
   <subfield code="b">OOY</subfield>
  </datafield>
  <datafield tag="100" ind1="1" ind2="0">
   <subfield code="a">OO </subfield>
  </datafield>
  <datafield tag="245" ind1="1" ind2="0">
   <subfield code="a">Ethnic chameleon : </subfield>
   <subfield code="b">multiracial politics in Malaysia  </subfield>
   <subfield code="c">Oo Yu Hock.</subfield>
  </datafield>
  <datafield tag="260" ind1="0" ind2="0">
   <subfield code="a">Petaling Jaya: </subfield>
   <subfield code="b">Pelanduk Publications, </subfield>
   <subfield code="c">1991.</subfield>
  </datafield>
  <datafield tag="300" ind1=" " ind2=" ">
   <subfield code="a">131p.: </subfield>
   <subfield code="b">ill.; </subfield>
   <subfield code="c">22cm.</subfield>
  </datafield>
  <datafield tag="650" ind1="0" ind2="0">
   <subfield code="a">Malaysia -- </subfield>
   <subfield code="x">Ethnic relations -- </subfield>
   <subfield code="x">Political aspects </subfield>
  </datafield>
  <datafield tag="650" ind1="0" ind2="0">
   <subfield code="a">Malaysia -- </subfield>
   <subfield code="x">Race relations </subfield>
  </datafield>
  <datafield tag="650" ind1="0" ind2="0">
   <subfield code="a">Malaysia -- </subfield>
   <subfield code="x">Politics and government </subfield>
  </datafield>
 </record>
</collection>
